| 000 | 00414nam a2200145 i 4500 | ||
|---|---|---|---|
| 001 | 63741 | ||
| 003 | ES-MaACL | ||
| 005 | 20230906164945.0 | ||
| 007 | t| | ||
| 008 | 031216s1971 sp ||||1| spa d | ||
| 245 | 0 | 0 |
_aFiestas conmemorativas _b: Bailén 17 al 22 de julio 1971. |
| 260 |
_a[Sevilla : _bAyuntamiento de Bailén], _c1971. |
||
| 300 |
_a58 h. : _bil. ; _c28 cm. |
||
| 852 |
_aES-MaACL _jC-41442 _bR.78864 |
||
| 999 |
_c63741 _d63741 |
||